000 00346nam a2200097Ia 4500
008 160523s9999 xx 000 0 und d
245 _aMicrofinance 3.0: Reconciling Sustainability with Social Outreach and Responsible Delivery
245 _cAuthor: Doris Köhn
260 _c2013
856 _uhttp://link.springer.com/book/10.1007/978-3-642-41704-7
999 _c294853
_d294853